Sudden Appearances (Бичлэгийн дугаар. 144262)
| 000 -УДИРДЛАГА | |
|---|---|
| Удирдлага | 01676nam a2200361 4500 |
| 003 - ХЯНАЛТЫН ТОО ТОДОРХОЙЛОГЧ | |
| Код | MN-UlNUM |
| 005 - БИЧИЛТ ХИЙСЭН ОГНОО | |
| Тухайн бичилтийг бичсэн засварласан сүүлийн огноо | 20251010150902.0 |
| 008 - ЕРӨНХИЙ МЭДЭЭЛЭЛ | |
| Ерөнхий мэдээлэл | 250918s2019 hiu||||| |||| 00| ||eng d |
| 020 ## - ISBN | |
| ISBN | 9780824876579 |
| 040 ## - БИЧЛЭГ ҮҮСГЭГЧ БАЙГУУЛЛАГА | |
| Бичлэг үүсгэгч номын сангийн код | МУИС-ийн номын сан |
| 084 ## - ББК АНГИЛАЛ | |
| Нэмэлт тусгалт | Нэг сэдэвт бүтээл |
| Мэдлэгийн ялгаа | 63 - Түүх |
| ББК ангилал | 63.3(1) |
| Зохиогчийн гурван тэмдэгт | P 90 |
| 100 ## - ЗОХИОГЧ | |
| Зохиогчийн нэр | Prazniak, Roxann |
| 245 10 - ҮНДСЭН ГАРЧИГ | |
| Номын нэр | Sudden Appearances |
| Бага гарчгийн мэдээ | The Mongol turn in commerce, belief and art |
| 260 ## - ГАРАЛТЫН МЭДЭЭ | |
| Хэвлэгдсэн газар | Honolulu |
| Хэвлэлийн газар | University of Hawai Press |
| Хэвлэгдсэн он | 2019 |
| 300 ## - МАТЕРИАЛЫН ТОДОРХОЙЛОЛТ | |
| хуудасны тоо | xi, 287 pages : |
| Бусад тоон мэдээлэл | illustrations, maps ; |
| Хэмжээ | 24 cm |
| 500 ## - Тайлбар | |
| Дансны дугаар | ГФ 20871 |
| 505 ## - Агуулгын тэмдэглэгээ | |
| Агуулгын тэмдэглэгээ | Sudden Appearances highlights the visual and emotional prompts that motivated innovative repurposing of existing cultural perspectives and their adjustment to expanding geographic and social worlds. While early twentieth-century scholarship searched for a catholic universalism in shared European and Chinese art motifs, this inquiry looks to the relationships among societies of central, western, and eastern Asia during the Mongol era as a core site of social and political discourse that defined a globalizing era in Eurasian artistic exchange. |
| 546 ## - ХЭЛНИЙ ТУХАЙ МЭДЭЭ | |
| Хэл | Англи хэл дээр, |
| 653 ## - Түлхүүр үг | |
| Түлхүүр үг | history |
| 653 ## - Түлхүүр үг | |
| Түлхүүр үг | history of Mongolia |
| 653 ## - Түлхүүр үг | |
| Түлхүүр үг | art-Eurasia history |
| 740 ## - НОМЫН ГАРЧИГ | |
| Гарчиг | Tabriz in Azerbaijan (Ilkhanate) |
| 740 ## - НОМЫН ГАРЧИГ | |
| Гарчиг | Constantinople in Rum (Byzantium) |
| 740 ## - НОМЫН ГАРЧИГ | |
| Гарчиг | Siena in Tuscany (land of the Franks) |
| 740 ## - НОМЫН ГАРЧИГ | |
| Гарчиг | Cairo in Egypt (Mamluk Sultanate) |
| 740 ## - НОМЫН ГАРЧИГ | |
| Гарчиг | Alchi in Ladakh (greater Himalayan Region) |
| 740 ## - НОМЫН ГАРЧИГ | |
| Гарчиг | Turfan in Uighuristan (Tarim Basin) |
| 740 ## - НОМЫН ГАРЧИГ | |
| Гарчиг | Dadu in Khitai (Great Yuan) |
| 740 ## - НОМЫН ГАРЧИГ | |
| Гарчиг | Quanzhou in Manzi (Great Yuan) |
| 942 ## - ЭЛЕМЕНТИЙН ТӨРӨЛ | |
| Зүйлийн төрөл | Ном |
